Análisis de los obstáculos y barreras para el cambio y la innovación en colaboración en los centros de secundaria : un estudio de caso (Record no. 176503)
[ view plain ]
| 000 -CABECERA | |
|---|---|
| campo de control de longitud fija | 01833nab a2200253 a 4500 |
| 005 - FECHA Y HORA DE LA ÚLTIMA TRANSACCIÓN | |
| campo de control | 20210219162445.0 |
| 008 - ELEMENTOS DE LONGITUD FIJA--INFORMACIÓN GENERAL | |
| campo de control de longitud fija | 991125s1985 mx 000 0 spa u |
| 035 ## - NÚMERO DE CONTROL DEL SISTEMA | |
| Número de control de sistema | UPN01000204402 |
| 049 ## - COLECCIÓN | |
| Colección | ART |
| 100 1# - ASIENTO PRINCIPAL--NOMBRE PERSONAL | |
| Nombre de persona | Hernández de la Torre, Elena |
| 100 1# - ASIENTO PRINCIPAL--NOMBRE PERSONAL | |
| Filiación | eht@us.es |
| 222 #0 - TÍTULO CLAVE | |
| Título clave | REVISTA DE INVESTIGACION EDUCATIVA |
| 245 00 - MENCIÓN DE TÍTULO | |
| Título | Análisis de los obstáculos y barreras para el cambio y la innovación en colaboración en los centros de secundaria : un estudio de caso |
| 260 ## - PUBLICACIÓN, DISTRIBUCIÓN, ETC. | |
| Lugar de publicación, distribución, etc. | Murcia, España |
| 300 ## - DESCRIPCIÓN FÍSICA | |
| Extensión | 499-512 |
| 362 0# - FECHAS DE PUBLICACIÓN Y/O DESIGNACIÓN SECUENCIAL | |
| Fecha de publicación y/o designación secuencial | 2014 Volumen 32, número 2, junio |
| 520 ## - NOTA DE RESUMEN, ETC. | |
| Sumario, etc. | Este estudio pretende indagar en los dilemas y controversias de un centro de secundaria que influyen en el desarrollo de procesos de planificación y gestión a partir de un trabajo colaborativo que propicie el progreso y la mejora. Para ello se han utilizado técnicas biográfico-narrativas en tres momentos: entrevistas individuales y grupales, observaciones de reuniones, grabaciones de sesiones de un Programa de Formación y discusión de temas a debate, entrevistas individuales finales a miembros observadores inmersos en el proceso de análisis. En este estudio han participado profesores, alumnos, orientador, equipo directivo, coordinador del grupo de trabajo así como alumno en prácticas durante un curso escolar. Los resultados muestran datos respecto a una variedad de conflictos y dilemas de índole contextual y estratégica que impiden el establecimiento de un trabajo colaborativo en el centro que potencie una filosofía de trabajo basada en la equidad y el aprendizaje para todos |
| 653 0# - TERMINO DE INDIZACION - NO CONTROLADO | |
| Término no controlado | EDUCACION SECUNDARIA |
| 653 0# - TERMINO DE INDIZACION - NO CONTROLADO | |
| Término no controlado | TRABAJO COLABORATIVO |
| 653 0# - TERMINO DE INDIZACION - NO CONTROLADO | |
| Término no controlado | INCLUSION EDUCATIVA |
| 653 0# - TERMINO DE INDIZACION - NO CONTROLADO | |
| Término no controlado | DESARROLLO COMUNITARIO |
| 856 4# - LOCALIZACIÓN Y ACCESO ELECTRÓNICOS | |
| Identificador Uniforme del Recurso | <a href="http://www.redalyc.org/articulo.oa?id=283331396014">http://www.redalyc.org/articulo.oa?id=283331396014</a> |
| 905 ## - TIPO DE MATERIAL | |
| Tipo de material | Articulo |
No items available.
